• 首页
  • 本馆介绍
  • 公告通知
  • 最新文献
  • 馆藏检索
  • 电子资源
  • 读者导购
  • 参考咨询
  • 我的图书馆
  • 登录
  • 详细信息显示
  • 放入我的书架
  • 预约/预借图书
  • 作者相关作品
  • 分类相关作品
  • 丛书相关作品
  • 出版社相关作品

书目信息

  • 表格格式
  • 工作单格式
  • 卡片格式
题名:
天工开物
    
 
作者: 宋应星 编著
分册:  
出版信息: 上海   商务印书馆  1933
页数: 308页
开本: 19cm
丛书名:
单 册:
中图分类: N092
科图分类: 50.42
主题词: 手工业史--中国--古代 , 农业史--中国--古代
电子资源:
ISBN:
000 00662nam2 2200241 45
001 0196102888
005 20070729103224.07
100    @a19960729d1933 y0chiy0120 ea
101 0  @achi
102    @aCN@b310000
105    @af z 000yy
200 10 @a天工开物@Atian gong kai wu@f宋应星编著@Fsong ying xing bian zhu
210    @a上海@c商务印书馆@d1933@h1954
215    @a308页@d19cm
517 1  @a科苑奇葩@Ake yuan qi pa
605    @a天工开物@x研究
606    @a手工业史@y中国@z古代
606    @a农业史@y中国@z古代
690    @aN092@v3
692    @a50.42@v2
701  0 @a宋应星@Asong ying xing@4编著
801  0 @aCN@bTSSF@c20070729
905    @a10447@dN092@e180
    
    天工开物/宋应星编著.-上海:商务印书馆,1933(1954)
    308页;19cm
    
    
    ISBN :
    
●
相关链接 在E读中查询图书 在五车中查询图书 在当当中查询图书 在豆瓣中查询图书


正题名:天工开物     索取号:N092/180         预约/预借

序号 登录号 条形码 馆藏地/架位号 状态 备注
1 0783961   207839614   第二样本阅览室/ [索取号:N092/180] 在馆    
唐山师范学院图书馆 欢迎您!
大连网信软件有限公司© 版权所有